000 00382nam a22001697a 4500
005 20180618120125.0
008 160601b xxu||||| |||| 00| 0 eng d
020 _a81-317-0704-0
041 _aeng
082 _b6710
_a658
100 _aStoner, James. and others
_94381
245 _aManagement
260 _bPearsons
300 _a656
650 _aManagement
_9241
942 _cBK
999 _c2334
_d2333